00457nam a2200181Ia 450000500170000000800460001703700130006304000200007604100130009608400230010910000190013224500150015126000490016630000100021536500120022554600110023765000270024820250508164528.0008 250505s9999 xx 000 0 eng d aTextBook aFEDLbengcFEDL aeng2eng a370.1, KRI/RqFEDL aKrishnamurti J 0aLife ahead aMadars, IndiabKrishnamurti Foundationc1996 a189p. aINRb85 aMACESE aEducational philosophy